000 00444nam a22001817a 4500
003 koha_MIRAKIL
005 20231213095832.0
008 231213b |||||||| |||| 00| 0 ||| d
020 _b978-9-75458972-6
040 _aTR-IsEVY
_btur
_cTR-IsEVY
082 _aFIC AME/M
100 _aAmery, Heather.
245 0 _aMinik ejderha.
260 _bTürkiye İş Bankası,
_c2015
300 _a16
650 _aGenel Konular.
942 _2ddc
_cBK
999 _c10241
_d10241